ALL Baby Lasagna Songs - Statistics

General Stats
  • This quiz has been taken 21 times
  • The average score is 14 of 29
Answer Stats
Hint/Album Name Song Name % Correct
Catch Me If You Can Catch Me If You Can
93%
Eurovision 2024 Rim Tim Tagi Dim
93%
KUKU$ Collab Bam Bam Bira
86%
Catch Me If You Can and I
79%
DMNS & MOSQUITOES Baila
79%
DMNS & MOSQUITOES Demons & Mosquitoes
79%
Käärija Collab #eurodab
79%
DMNS & MOSQUITOES Good Boy Lasagna
79%
DMNS & MOSQUITOES IG Boy
79%
DMNS & MOSQUITOES Again
71%
DMNS & MOSQUITOES Dopamine
71%
DMNS & MOSQUITOES Stress
71%
DMNS & MOSQUITOES Biggie Boom Boom
64%
DMNS & MOSQUITOES Don’t Hate Yourself, But Don’t Love Yourself Too Much
64%
Catch Me If You Can Hypocritical
57%
DMNS & MOSQUITOES Less Than Great
57%
Single Ne Daj Mi Oče
43%
Bastion (HRV) Dajem Ti Sad
29%
Bastion (HRV) Tebe Tražim
21%
Monster Mind Consuming Slave
14%
Single DreamLand
7%
Ravenblack Empire
7%
Catch Me If You Can Eutopia
7%
Catch Me If You Can Leah Wolf
7%
Catch Me If You Can Leila
7%
Catch Me If You Can My Hands So Bloody
7%
Catch Me If You Can S Jugom Otišla
7%
Single Whistling and I
7%
Catch Me If You Can Zorya
7%
No matching quizzes found
Score Distribution
Percent of People with Each Score
Percentile by Number Answered
Your Score History
You have not taken this quiz